New Construction Industry Scheme (Record no. 105997)

MARC details
000 -LEADER
fixed length control field 01458cam a2200229 4500
001 - CONTROL NUMBER
control field ##L135308
008 - FIXED-LENGTH DATA ELEMENTS--GENERAL INFORMATION
fixed length control field 061011n2006 000 0 eng u
035 ## - SYSTEM CONTROL NUMBER
System control number (Sirsi) u135308
041 0# - LANGUAGE CODE
Language code of text/sound track or separate title eng
050 04 - LIBRARY OF CONGRESS CALL NUMBER
Classification number 692.8 $2 18
110 1# - MAIN ENTRY--CORPORATE NAME
Corporate name or jurisdiction name as entry element United Kingdom
Subordinate unit HM Revenue and Customs
9 (RLIN) 4833
245 00 - TITLE STATEMENT
Title New Construction Industry Scheme
Remainder of title new guidance
260 ## - PUBLICATION, DISTRIBUTION, ETC.
Place of publication, distribution, etc. [S.l.]
Name of publisher, distributor, etc. HMRC
Date of publication, distribution, etc. 2006
505 1# - FORMATTED CONTENTS NOTE
Formatted contents note CIS340 Construction Industry Scheme: guide for contractors and subcontractors -- CIS341 A quick guide to the new Construction Industry Scheme -- CIS342 Registering for new CIS: advice for subcontractors -- CIS343 Applying to be paid gross: advice for subcontractors -- CIS344 Getting paid by a contractor: advice for subcontractors -- CIS345 Verifying a subcontractor: advice for contractors -- CIS346 The monthly return: advice for contractors -- CIS347 A contractor's obligations: advice for contractors -- CIS348 The scope of the scheme: a quick guide -- CIS349 Are your workers employed or self-employed? Advice for contractors
520 ## - SUMMARY, ETC.
Summary, etc. Provides guidance on the new Construction Industry Scheme, effective from April 2007. Includes a detailed booklet and nine factsheets.
590 ## - LOCAL NOTE (RLIN)
Local note IKA17106
650 24 - SUBJECT ADDED ENTRY--TOPICAL TERM
Topical term or geographic name entry element CONSTRUCTION INDUSTRY SCHEME
651 #4 - SUBJECT ADDED ENTRY--GEOGRAPHIC NAME
Geographic name United Kingdom
Chronological subdivision
690 ## - LOCAL SUBJECT ADDED ENTRY--TOPICAL TERM (OCLC, RLIN)
Topical term or geographic name as entry element Construction management
9 (RLIN) 6230
856 40 - ELECTRONIC LOCATION AND ACCESS
Uniform Resource Identifier <a href="https://www.hmrc.gov.uk/new-cis/new_guidance.htm">https://www.hmrc.gov.uk/new-cis/new_guidance.htm</a>
Public note View the guidance free of charge at www.hmrc.gov.uk...
942 ## - ADDED ENTRY ELEMENTS (KOHA)
Suppress in OPAC 0
Holdings
Withdrawn status Lost status Source of classification or shelving scheme Damaged status Not for loan Home library Current library Shelving location Date acquired Total Checkouts Full call number Barcode Date last seen Copy number Price effective from Koha item type
    Dewey Decimal Classification     Virtual Virtual Online 11/10/2006   ONLINE PUBLICATION 135308-2001 06/08/2019 1 06/08/2019 Book